| 000 | 02731nam0a2200457 4500 | ||
|---|---|---|---|
| 001 | RU\NLR\BIBL_A\010467694 | ||
| 005 | 20250614055219.0 | ||
| 010 |
_a978-5-98277-174-2 _9300 |
||
| 021 |
_aRU _b2014-53156 _93207 |
||
| 035 | _a(NILC)LIBNET\0000480705 | ||
| 035 | _aRUCML-BIBL-0001381696 | ||
| 035 | _a(NLR Aleph) 010467694 | ||
| 090 |
_a10009729 _c10009729 |
||
| 100 | _a20140929d2014 |||y0rusy50 ca | ||
| 101 | 0 | _arus | |
| 102 | _aRU | ||
| 105 | _aac||z||||01yy | ||
| 200 | 1 |
_aАктуальные вопросы суицидологии _eматериалы Межрегиональной научно-практической конференции, 22 мая 2014 _f[редкол.: к. м. н. Ворсина О. П. (отв. ред.) и др.] |
|
| 210 |
_aИркутск _cНЦРВХ СО РАМН _d2014 |
||
| 215 |
_a163 с. _cил., цв. ил., портр. _d21 |
||
| 300 | _aВ надзаг.: М-во здравоохранения Иркут. обл., Обл. гос. казен. учреждение здравоохранения "Иркут. обл. клинич. психиатр. больница № 1", Гос. бюджет. образоват. учреждение доп. проф. образования Иркут. гос. мед. акад. последиплом. образования | ||
| 320 | _aБиблиогр. в конце докл. | ||
| 541 | 1 |
_aCurrent problems of suicidology _eproceedings of interregional scientific-practical conference, Irkutsk, May 22, 2014 |
|
| 606 | 1 |
_aСуицидальное поведение _jСъезды, совещания и т.п _xПрофилактика _92390250 _3RU\NLR\AUTH\661425490 |
|
| 606 | 1 |
_aСуицидные попытки _jСъезды, совещания и т.п _xПсихологические исследования _91593856 _3RU\NLR\AUTH\66999443 |
|
| 675 |
_a616.89-008.441.44(082) _v3 _zrus |
||
| 686 | 1 | _aР64-323.321я431(2) | |
| 686 | 1 | _aС550.8я431 | |
| 686 | 1 | _aЮ948.43я431 | |
| 686 | 1 | _aЮ948.1-8я431 | |
| 702 | 1 |
_aВорсина _bО. П. _cпсихиатр _gОльга Петровна _4340 |
|
| 711 | 1 | 2 |
_a"Актуальные вопросы суицидологии", межрегиональная научно-практическая конференция _eИркутск _f2014 _9426401 _3RU\NLR\AUTH\880380006 |
| 801 | 0 |
_aRU _bЦНМБ _c20140901 _gRCR |
|
| 801 | 1 |
_aRU _bЦНМБ _c20140901 _2rusmarc |
|
| 801 | 2 |
_aRU _bЦНМБ _c20140925 _2rusmarc |
|
| 942 | _cBOOK | ||
| 980 | _aNBR | ||
| 980 | _aNB | ||